| 000 | 016240000a22002170004500 | ||
|---|---|---|---|
| 020 | _a978-958-711-460-7 | ||
| 082 | 0 | 4 | _aG 323.4 C1727d |
| 100 | 1 | _aCamargo, Pedro Pablo | |
| 245 | 1 | 0 | _aDerechos humanos y democracia en América Latina / Pedro Pablo Camargo |
| 250 | _a2 | ||
| 260 | _aBogotá : Leyer | ||
| 300 | _a735 p. : Cd. | ||
| 500 | _aIncluye material acompañante. Cd. con anexos | ||
| 505 | 0 | 0 | _aI PARTE: Teoría y realidad de los derechos humanos -- Los derechos constitucionales fundamentales en la práctica -- La pobreza crítica y la realidad en los derechos económicos, sociales y culturales \ II PARTE: Teoría y realidad de los derechos humanos -- El amparo judicial y otros recursos de protección de los derechos fundamentales en América Latina -- El Hábeas Corpus en los Estados Americanos \ PARTE III. La protección interamericana de los derechos humanos -- Los derechos humanos civiles y políticos -- Los derechos económicos, sociales y culturales en el sistema interamericano -- La violación de los derechos humanos es atribuible sólo al estado y sus agentes \ IV PARTE: Teoría y práctica de la democracia -- La democracia liberal en la teoría constitucional -- Realidad y futuro de la democracia -- La "Dictadura constitucional" -- La "santa alianza" de las democracias liberales -- Cuestionamiento de la democracia liberal o representativa -- Integración o anexión |
| 650 | 1 | 4 | _aDERECHOS HUMANOS \ DERECHOS CIVILES \ DEMOCRACIA |
| 001 | 3823 | ||
| 942 | _cBK | ||
| 999 |
_c34450 _d34450 |
||
| 336 |
_atexto _btxt _2rdacontent |
||
| 337 |
_2rdamedia _asin mediación _bn |
||
| 338 |
_2rdacarrier _avolumen _bnc |
||